Score 0/25 Timer 04:00
0 Plays Today
Clue State % Correct
MrydMaryland
95.9%
MaachueMassachusetts
93.5%
ew orkNew York
89.9%
WomigWyoming
85.7%
dahIdaho
85.4%
UhUtah
84.6%
lskAlaska
84.1%
VgaVirginia
83.9%
Sth rnSouth Carolina
79%
VVermont
78.7%
Not ConNorth Carolina
77.3%
MotMontana
74.9%
exTexas
73.4%
Clue State % Correct
WcWisconsin
70.8%
TTennessee
66.1%
hiOhio
57.4%
MeoMinnesota
52.2%
lifiCalifornia
50.6%
MuMissouri
49.3%
waIowa
48.5%
nssKansas
46.3%
lawaDelaware
36.9%
eucyKentucky
35.9%
h slaRhode Island
28.2%
oIllinois
12%
Remove Ads.
Support Sporcle.
Get the best of Sporcle when you Go Orange. This ad-free experience offers more features, more stats, and more fun while also helping to support Sporcle. Thank you for becoming a member.

You're not logged in!

Compare scores with friends on all Sporcle quizzes.
OR
Log In

Show Comments

Extras

Top Quizzes Today


Score Distribution

Your Account Isn't Verified!

In order to create a playlist on Sporcle, you need to verify the email address you used during registration. Go to your Sporcle Settings to finish the process.

Report this User

Report this user for behavior that violates our Community Guidelines.

Details: